Ο μετασχηματισμός της Τουρκίας : από την κεμαλική κυριαρχία στον "ισλαμικό" νεοφιλελευθερισμό
Αποθηκεύτηκε σε:
| Κύριος συγγραφέας: | |
|---|---|
| Μορφή: | Βιβλίο |
| Γλώσσα: | Greek |
| Δημοσίευση: |
Αθήνα :
Αλεξάνδρεια,
2012.
|
| Σειρά: | Κοινοί τόποι ;
; 2 |
| Θέματα: | |
| Ετικέτες: |
Προσθήκη ετικέτας
Δεν υπάρχουν, Καταχωρήστε ετικέτα πρώτοι!
|
MARC
| LEADER | 00000cam a2200000 i 4500 | ||
|---|---|---|---|
| 001 | 1/18282 | ||
| 008 | 120309s2012####gr ||| | gre|| | ||
| 020 | |a 9789602215371 | ||
| 035 | |l 10112016 | ||
| 040 | |a GR-MY-UA |b gre |e aacr | ||
| 041 | 0 | |a gre | |
| 082 | 0 | |a 956.1 |2 (22) | |
| 100 | 1 | |a Μούδουρος, Νίκος, |d 1978- | |
| 245 | 1 | 2 | |a Ο μετασχηματισμός της Τουρκίας : |b από την κεμαλική κυριαρχία στον "ισλαμικό" νεοφιλελευθερισμό / |c Νίκος Μούδουρος ; προλογικό σημείωμα Σία Αναγνωστοπούλου ; επίμετρο Σταύρος Τομπάζος. |
| 260 | |a Αθήνα : |b Αλεξάνδρεια, |c 2012. | ||
| 300 | |a 463 σ. ; |c 21 εκ. | ||
| 490 | 1 | |a (Κοινοί τόποι ; |v 2) | |
| 504 | |a Βιβλιογραφία: σ. 445-463. | ||
| 651 | 0 | |a Turkey |x History |y 20th century. | |
| 651 | 0 | |a Turkey |x Politics and government |y 20th century. | |
| 830 | 0 | |a Κοινοί τόποι ; |v ; 2 | |
| 852 | |a INST |b LESVOS |e 20120309 |h 956.1 ΜΟΥ |p 005100050730 |q 005100050730 |t BK |y 0 | ||
| 852 | |a INST |b LESVOS |c EUDOXUS |e 20170822 |h 956.1 ΜΟΥ |p 005100059735 |q 005100059735 |t EDX |y 0 | ||
| 901 | |a BIBL1-2012-1 | ||
| 909 | |a Λ |b 173518 | ||
| 920 | |a Εύδοξος |b Παραγγελία |y Λέσβος-ΤΚΑΙ |z 2017-05 | ||
| 970 | |a ΚΑΜΑΤΣΟΥ |b ΔΕΣΠΟΙΝΑ |z 2012/03/09 | ||